000 00450nam a2200169 i 4500
001 44657
003 ES-MaACL
007 t|
008 030324s1985 xxk ||||1| eng d
020 _a0-416-40120-1
100 1 _aCiment, Michel.
_938841
245 1 0 _aCoversations with Losey /
_cMichel Ciment.
260 _aLondon [etc.] :
_bMethuen,
_c1985.
300 _a436 p. :
_bil. ;
_c22 cm.
500 _aIndice.
852 _aES-MaACL
_jB-341
_bR.111143
999 _c44657
_d44657